Freedom Songs by Country - Statistics

General Stats
  • This quiz has been taken 279 times
  • The average score is 10 of 15
Answer Stats
Song Composer Answer % Correct
Bella Ciao trad. Italy
96%
L’Estaca Lluís Llach Spain
93%
Le déserteur Boris Vian France
91%
Get Up, Stand Up Bob Marley and the Wailers Jamaica
88%
We Shall Overcome arr./Charles Albert Tindley United States
88%
Wolf Hunt Vladimir Vysotsky Russia (Soviet Union)
84%
Mury / another version Jacek Kaczmarski Poland/Belarus
76%
Grândola, Vila Morena Zeca Afonso Portugal
67%
¡El pueblo unido jamás será vencido! Sergio Ortega Chile
60%
Baraye Shervin Hajipour Iran
54%
Yalla Erhal Ya Bashar! Abdel Rahman Farhood or Ibrahim Qashoush Syria
47%
Asimbonanga Johnny Clegg and Savuka South Africa
46%
Do You Hear the People Sing? Claude-Michel Schönberg China (Hong Kong)
31%
Rais Lebled El General Tunisia
22%
Ermutigung Wolf Biermann East Germany
15%
No matching quizzes found
Score Distribution
Percent of People with Each Score
Percentile by Number Answered
Your Score History
You have not taken this quiz